00294nam a2200133Ia 4500003000400000005001700004008004100021020001500062040000900077100001700086245003400103260001400137260000900151OSt20231120060147.0170524s9999 xx 000 0 und d a1403924910 cIIMT aMahtani-Renu 4aThe ultimate indian diet book bMacmillan c1999